[Event "4NCL/Div3/SWD2 vs. WWKS"]
[Site "Sunningdale ENG"]
[Date "2008.05.03"]
[Round "9.6"]
[White "Galloway, Iain"]
[Black "Brown, Alan M"]
[Result "1/2-1/2"]
[WhiteElo "2139"]
[BlackElo "2129"]
[PlyCount "143"]
[EventDate "2008.05.03"]
[EventType "team"]
[EventRounds "11"]
[EventCountry "ENG"]
[SourceDate "2007.09.15"]

1. e4 e6 2. d4 d5 3. Nc3 Bb4 4. e5 b6 5. Bd2 Ba6 6. Nb5 Bf8 7. Be2 c6 8. Nc3
Bxe2 9. Qxe2 Ne7 10. f4 Nf5 11. Nf3 c5 12. dxc5 bxc5 13. O-O Nc6 14. Na4 Nfd4
15. Qa6 Qc8 16. Qxc8+ Rxc8 17. Nxd4 Nxd4 18. c3 Nc6 19. Rae1 g6 20. g4 h5 21.
f5 gxf5 22. gxf5 Ne7 23. f6 Nf5 24. Kf2 Nh4 25. b3 Rg8 26. Rg1 Rxg1 27. Rxg1
Ng6 28. Re1 c4 29. Nb2 Bc5+ 30. Kf3 cxb3 31. axb3 Bb6 32. Nd3 Kd7 33. Ra1 Nh4+
34. Ke2 Rg8 35. Be3 Rg2+ 36. Nf2 Kc7 37. Bxb6+ Kxb6 38. Ra4 {=} Ng6 39. Rb4+
Kc7 40. Ra4 Kb7 41. Rb4+ Ka8 42. Kf3 Rg5 43. Nd3 Nxe5+ 44. Nxe5 Rxe5 45. Kg3
Rg5+ 46. Kf3 Rg6 47. Rf4 Kb7 48. Ke3 a5 49. Kd3 Kb6 50. Rh4 Rg5 51. Rf4 Kc6 52.
Ra4 Kb6 53. Rf4 Kb5 54. Rh4 e5 55. Rh3 Kc5 56. Rh4 e4+ 57. Ke3 Rf5 58. b4+ axb4
59. cxb4+ Kxb4 60. Kd4 Kb5 61. Rh3 Kc6 62. Ra3 Kb7 63. Rb3+ Kc7 64. Ra3 Rxf6
65. Kxd5 Rf3 66. Ra7+ Kb6 67. Kxe4 Rf2 68. Ra3 Rxh2 69. Rf3 Re2+ 70. Kf5 Rd2
71. Kf6 Rd7 72. Rh3 1/2-1/2

[Event "4NCL/Div3/SWD2 vs. WWKS"]
[Site "Sunningdale ENG"]
[Date "2008.05.03"]
[Round "9.7"]
[White "Miles, Richard"]
[Black "Fallowfield, Jeremy"]
[Result "1-0"]
[WhiteElo "2071"]
[BlackElo "2006"]
[PlyCount "47"]
[EventDate "2008.05.03"]
[EventType "team"]
[EventRounds "11"]
[EventCountry "ENG"]
[SourceDate "2007.09.15"]

1. d4 f5 2. Bg5 g6 3. Nc3 Bg7 4. e4 fxe4 5. Nxe4 d5 6. Ng3 Nh6 7. Bd3 Nf7 8.
Be3 e5 9. dxe5 Nxe5 10. Be2 Nbc6 11. Bc5 Be6 12. c3 Qh4 13. Nf3 Nxf3+ 14. Bxf3
Qc4 15. Be3 O-O 16. Be2 Qh4 17. Qd2 h6 18. Bc5 Rfe8 19. O-O Rad8 20. Qc2 b6 21.
Bb5 Bd7 22. Bxc6 Bxc6 23. Qxg6 Qg5 24. Qxc6 1-0

[Event "4NCL/Div3/SWD2 vs. WWKS"]
[Site "Sunningdale ENG"]
[Date "2008.05.03"]
[Round "9.8"]
[White "Stepanyan, Astghik"]
[Black "van Kemenade, Julie"]
[Result "1-0"]
[WhiteElo "1745"]
[BlackElo "1764"]
[PlyCount "61"]
[EventDate "2008.05.03"]
[EventType "team"]
[EventRounds "11"]
[EventCountry "ENG"]
[SourceDate "2007.09.15"]

1. d4 g6 2. c4 Bg7 3. Nc3 d6 4. e3 Nd7 5. Nf3 c6 6. Bd2 e5 7. Be2 Ngf6 8. Qc2
O-O 9. O-O Re8 10. Bd3 Nf8 11. h3 Qe7 12. dxe5 dxe5 13. e4 Nh5 14. Rfe1 Ne6 15.
Ne2 Nef4 16. Nxf4 exf4 17. Rad1 g5 18. Be2 g4 19. Nh2 gxh3 20. Bxh5 Be5 21. Bc3
Qg5 22. Bf3 Bc7 23. Kh1 hxg2+ 24. Bxg2 Re6 25. e5 Rh6 26. Rg1 Kh8 27. e6+ f6
28. Bh3 Qh4 29. Qf5 f3 30. Rd3 Bxh2 31. Rd8# 1-0

[Event "4NCL/Div3/CAMB2 vs. WES2"]
[Site "Sunningdale ENG"]
[Date "2008.05.03"]
[Round "9.1"]
[White "Spencer, Carl"]
[Black "Pleasants, Allan J"]
[Result "1-0"]
[WhiteElo "2115"]
[BlackElo "2095"]
[PlyCount "47"]
[EventDate "2008.05.03"]
[EventType "team"]
[EventRounds "11"]
[EventCountry "ENG"]
[SourceDate "2007.09.15"]

1. e4 b6 2. d4 Bb7 3. Bd3 e6 4. Nf3 c5 5. c3 Nf6 6. Qe2 Be7 7. O-O d6 8. Re1
Nbd7 9. a3 c4 10. Bc2 Qc7 11. a4 Rc8 12. Na3 O-O 13. Nd2 d5 14. e5 Ne8 15. Qh5
g6 16. Qh6 Ng7 17. Nf3 Rfe8 18. Nb5 Qb8 19. Ng5 Nf8 20. Re3 f6 21. Nxh7 fxe5
22. Nxf8 exd4 23. Qh7+ Kxf8 24. Rf3+ 1-0

[Event "4NCL/Div3/CAMB2 vs. WES2"]
[Site "Sunningdale ENG"]
[Date "2008.05.03"]
[Round "9.2"]
[White "Purkiss, William"]
[Black "Beckett, Chris J"]
[Result "1/2-1/2"]
[WhiteElo "2084"]
[BlackElo "2108"]
[PlyCount "34"]
[EventDate "2008.05.03"]
[EventType "team"]
[EventRounds "11"]
[EventCountry "ENG"]
[SourceDate "2007.09.15"]

1. e4 e6 2. d4 d5 3. Nc3 Bb4 4. e5 c5 5. a3 Bxc3+ 6. bxc3 Ne7 7. Nf3 b6 8. Bb5+
Bd7 9. a4 Bxb5 10. axb5 Nd7 11. Ng5 Qc7 12. Qf3 Nf5 13. g4 Nh6 14. O-O cxd4 15.
cxd4 Qxc2 16. Be3 O-O 17. Rfc1 Qd3 1/2-1/2

[Event "4NCL/Div3/CAMB2 vs. WES2"]
[Site "Sunningdale ENG"]
[Date "2008.05.03"]
[Round "9.3"]
[White "Chan, Nevil"]
[Black "Gregory, Keith D"]
[Result "0-1"]
[WhiteElo "2065"]
[BlackElo "2087"]
[PlyCount "122"]
[EventDate "2008.05.03"]
[EventType "team"]
[EventRounds "11"]
[EventCountry "ENG"]
[SourceDate "2007.09.15"]

1. d4 d6 2. Nc3 g6 3. Nf3 Bg7 4. e4 Nd7 5. Be3 e6 6. Qd2 a6 7. a4 b6 8. g3 Bb7
9. Bg2 h6 10. h3 Ne7 11. O-O Rb8 12. Rad1 b5 13. axb5 axb5 14. Nh2 b4 15. Ne2
d5 16. e5 c5 17. f4 Qc7 18. Ra1 Nf5 19. Bf2 Bf8 20. Nf3 h5 21. h4 Be7 22. Bh3
Nb6 23. b3 c4 24. Rfc1 Kd7 25. Ng5 Nh6 26. Kh2 Ra8 27. Be3 Bc6 28. Rcb1 Qb7 29.
Qd1 Bb5 30. Ng1 Rxa1 31. Rxa1 Ra8 32. N1f3 Ra3 33. Nd2 Qa6 34. Rb1 Ra2 35. Kg1
cxb3 36. cxb3 Bd3 37. Rc1 Be2 38. Qe1 Qd3 39. Kf2 Bg4 40. Bf1 Qxb3 41. Bb5+ Kd8
42. Ra1 Bf5 43. Be2 Rxa1 44. Nxb3 Rxe1 45. Kxe1 Bc2 46. Bd1 Bxd1 47. Kxd1 Kc7
48. Nf3 Nf5 49. Bf2 Kc6 50. Kc2 Kb5 51. Kd3 Nc4 52. Nfd2 Nb2+ 53. Kc2 Na4 54.
Nb1 Bd8 55. Kd3 Bb6 56. Kc2 Ba7 57. Kd3 Nb2+ 58. Kc2 Nc4 59. Kd3 Ka4 60. N1d2
Nxd2 61. Nxd2 Ka3 0-1

[Event "4NCL/Div3/CAMB2 vs. WES2"]
[Site "Sunningdale ENG"]
[Date "2008.05.03"]
[Round "9.4"]
[White "Marsh, Roger"]
[Black "Jones, Richard M"]
[Result "1/2-1/2"]
[WhiteElo "2088"]
[BlackElo "2064"]
[PlyCount "139"]
[EventDate "2008.05.03"]
[EventType "team"]
[EventRounds "11"]
[EventCountry "ENG"]
[SourceDate "2007.09.15"]

1. d4 d5 2. c4 e6 3. cxd5 exd5 4. Nc3 Nf6 5. Bg5 Nbd7 6. e3 Be7 7. Bd3 O-O 8.
Qc2 c6 9. Nge2 h6 10. Bh4 Ne8 11. Bxe7 Qxe7 12. O-O Nd6 13. Ng3 Nf6 14. Rfc1
Re8 15. Nf5 Nxf5 16. Bxf5 Bxf5 17. Qxf5 Ne4 18. Nxe4 Qxe4 19. Qxe4 Rxe4 20. b4
a6 21. a4 Re6 22. Rc5 Kf8 23. Rac1 Ke7 24. g3 Kd7 25. b5 axb5 26. axb5 Ra5 27.
bxc6+ Rxc6 28. Rxc6 bxc6 29. Rc2 Kd6 30. Rb2 Kc7 31. Kf1 Ra3 {=} 32. Ke2 Ra5
33. h4 Ra1 34. Kf3 Ra4 35. Rc2 Kd6 36. h5 Ra1 37. Rb2 Kc7 38. Kf4 Ra4 39. Kf5
Ra1 40. g4 Rh1 41. Ra2 Kb7 42. f3 Rf1 43. Kf4 Rd1 44. Ra3 Rf1 45. Ra2 Rd1 46.
Rg2 Rh1 47. g5 Rxh5 48. gxh6 Rxh6 49. Rxg7 Rf6+ 50. Kg3 Kc7 51. f4 Kd7 {=} 52.
Kg4 Ke7 53. Rg8 Re6 54. Kf3 Kd7 55. f5 Rh6 56. Kf4 Rh4+ 57. Rg4 Rh3 58. Rg3 Rh8
59. Ke5 Rh6 60. Rg2 Ke7 61. Ra2 f6+ 62. Kf4 Rh1 63. Ra7+ Kf8 64. Rc7 Rf1+ 65.
Kg4 Rg1+ 66. Kf3 Rf1+ 67. Ke2 Rxf5 68. Rxc6 Ke7 69. Ra6 Rh5 70. Kf3 1/2-1/2

[Event "4NCL/Div3/CAMB2 vs. WES2"]
[Site "Sunningdale ENG"]
[Date "2008.05.03"]
[Round "9.5"]
[White "Gooding, Ian"]
[Black "Taylor-Bowd, Phil"]
[Result "1/2-1/2"]
[WhiteElo "2014"]
[BlackElo "2048"]
[PlyCount "29"]
[EventDate "2008.05.03"]
[EventType "team"]
[EventRounds "11"]
[EventCountry "ENG"]
[SourceDate "2007.09.15"]

1. e4 d6 2. d4 Nf6 3. Nc3 Nbd7 4. Nf3 e5 5. dxe5 dxe5 6. Bc4 Bb4 7. O-O O-O 8.
Nd5 Nxd5 9. Bxd5 c6 10. Bb3 Qc7 11. c3 Be7 12. Qe2 Nc5 {=} 13. Bc2 Bg4 14. h3
Bh5 15. b4 1/2-1/2

[Event "4NCL/Div3/CAMB2 vs. WES2"]
[Site "Sunningdale ENG"]
[Date "2008.05.03"]
[Round "9.6"]
[White "Wilkinson, John R"]
[Black "Kreuzer, Christopher"]
[Result "1/2-1/2"]
[WhiteElo "2030"]
[BlackElo "1949"]
[PlyCount "98"]
[EventDate "2008.05.03"]
[EventType "team"]
[EventRounds "11"]
[EventCountry "ENG"]
[SourceDate "2007.09.15"]

1. Nf3 Nf6 2. c4 e6 3. g3 Nc6 4. Bg2 e5 5. O-O Be7 6. Nc3 O-O 7. d4 exd4 8.
Nxd4 Nxd4 9. Qxd4 c6 10. Bf4 d6 11. Rfd1 Be6 12. b3 Qa5 13. Rac1 d5 14. cxd5
cxd5 15. Nxd5 Nxd5 16. Bxd5 Bf6 17. Qd2 Qa6 18. Bxe6 Qxe6 19. Rc7 Rad8 20. Qc2
Rxd1+ 21. Qxd1 Rd8 22. Qc2 g5 23. Be3 h5 24. Qc4 Qxc4 25. bxc4 Rd1+ 26. Kg2 Ra1
27. Bxa7 Rxa2 28. Rxb7 Rxe2 29. Be3 Kg7 30. Rb1 Rc2 31. Rc1 Rxc1 32. Bxc1 g4
33. Kf1 Be5 34. Ke2 f5 35. Kd3 Kf7 36. Be3 h4 37. Bg5 hxg3 38. hxg3 Ke6 39. Be3
Kd7 40. c5 Kc6 41. Kc4 Bf6 {=} 42. Bc1 Be7 43. Ba3 Bf6 44. Bc1 Be7 45. Bf4 Bxc5
46. Be3 Be7 47. Bf4 Bf6 48. Bb8 Bb2 49. Bf4 Bf6 1/2-1/2

[Event "4NCL/Div3/CAMB2 vs. WES2"]
[Site "Sunningdale ENG"]
[Date "2008.05.03"]
[Round "9.7"]
[White "Kapadia, Sujit"]
[Black "Coburn, Joe"]
[Result "1/2-1/2"]
[WhiteElo "1915"]
[BlackElo "1945"]
[PlyCount "58"]
[EventDate "2008.05.03"]
[EventType "team"]
[EventRounds "11"]
[EventCountry "ENG"]
[SourceDate "2007.09.15"]

1. d4 Nf6 2. c4 g6 3. Nc3 d6 4. e4 Bg7 5. f3 c6 6. Be3 O-O 7. Qd2 e5 8. d5 c5
9. Nge2 a6 10. Bh6 Ne8 11. h4 f5 12. h5 f4 13. hxg6 hxg6 14. O-O-O Bxh6 15.
Rxh6 Kg7 16. Rh1 b5 17. g3 Qf6 18. gxf4 exf4 19. Bh3 Nd7 20. cxb5 axb5 21. Nxb5
Rxa2 22. Kb1 Ra8 23. Nec3 Ne5 24. Bxc8 Rxc8 25. Qh2 Kf7 26. Qh3 Ng7 27. Kc2 Nh5
28. Ra1 {=} Ra8 29. Nc7 Rxa1 1/2-1/2

[Event "4NCL/Div3/CAMB2 vs. WES2"]
[Site "Sunningdale ENG"]
[Date "2008.05.03"]
[Round "9.8"]
[White "Norman, Dinah"]
[Black "Owens, Megan"]
[Result "1/2-1/2"]
[WhiteElo "1965"]
[BlackElo "1772"]
[PlyCount "119"]
[EventDate "2008.05.03"]
[EventType "team"]
[EventRounds "11"]
[EventCountry "ENG"]
[SourceDate "2007.09.15"]

1. d4 Nf6 2. Nf3 g6 3. Bf4 Bg7 4. e3 O-O 5. h3 d5 6. Be2 Nbd7 7. Nbd2 c5 8. c3
a6 9. a4 Qb6 10. Qc2 Nh5 11. Bh2 Qd8 12. O-O Nhf6 13. Rfe1 b6 14. Ne5 Nxe5 15.
Bxe5 Bf5 16. Qd1 Ne4 17. Bxg7 Kxg7 18. Nxe4 Bxe4 19. f3 Bf5 20. Bf1 Bc8 21. a5
e6 22. b4 c4 23. axb6 Qxb6 24. Ra5 Bd7 25. f4 Bb5 26. e4 Rfe8 27. e5 h5 28. Qf3
Rad8 29. Qg3 Qc7 30. Be2 Kh7 31. Bd1 Qe7 32. Bc2 Rg8 33. Qf3 Kh8 34. Rea1 Ra8
35. f5 Qd7 36. f6 Qe8 37. Kh2 Qf8 38. Ba4 Bxa4 39. R1xa4 Qc8 40. g4 Qf8 41.
Rxa6 Rxa6 42. Rxa6 Qh6 43. Ra2 hxg4 44. Qxg4 Qh5 45. Qxh5+ gxh5 46. Ra7 Rf8 47.
Kg3 Kh7 48. Kh4 Kg6 {=} 49. b5 Rb8 50. Ra5 Rb6 51. Kg3 Rb7 52. Kf4 Rb6 53. h4
Rb7 54. Ke3 Kf5 55. Kf3 Kg6 56. Kf4 Rb6 57. Ra2 Rxb5 58. Rg2+ Kh6 59. Rg7 Rb7 {
=} 60. Ke3 1/2-1/2

[Event "4NCL/Div3/SLOS3 vs. MIN"]
[Site "Sunningdale ENG"]
[Date "2008.05.03"]
[Round "9.1"]
[White "Kafka, Graeme"]
[Black "Ackley, Peter"]
[Result "1/2-1/2"]
[WhiteElo "2112"]
[BlackElo "2132"]
[PlyCount "38"]
[EventDate "2008.05.03"]
[EventType "team"]
[EventRounds "11"]
[EventCountry "ENG"]
[SourceDate "2007.09.15"]

1. e4 d5 2. exd5 Qxd5 3. Nc3 Qd8 4. d4 Nf6 5. Nf3 c6 6. Be2 Bf5 7. Nh4 Bg6 8.
Bf4 e6 9. Nxg6 hxg6 10. a3 Bd6 11. Qd2 Qc7 12. Bxd6 Qxd6 13. h4 {=} Nbd7 14.
O-O-O O-O-O 15. g3 Nb6 16. Qg5 Nbd5 17. Nxd5 Qxd5 18. Qxd5 cxd5 19. Rd3 Ne4
1/2-1/2

[Event "4NCL/Div3/SLOS3 vs. MIN"]
[Site "Sunningdale ENG"]
[Date "2008.05.03"]
[Round "9.2"]
[White "Hardman, Michael J"]
[Black "Varnam, Liam D"]
[Result "0-1"]
[WhiteElo "2106"]
[BlackElo "2053"]
[PlyCount "92"]
[EventDate "2008.05.03"]
[EventType "team"]
[EventRounds "11"]
[EventCountry "ENG"]
[SourceDate "2007.09.15"]

1. e4 e5 2. Bc4 Nc6 3. d3 Nf6 4. h3 h6 5. Nf3 Bc5 6. O-O d6 7. c3 Bb6 8. b4 O-O
9. a4 a5 10. b5 Ne7 11. Ba2 c6 12. bxc6 bxc6 13. Nbd2 Ba6 14. Nc4 Bxc4 15. Bxc4
d5 16. exd5 cxd5 17. Ba2 Qc7 18. Bd2 Ng6 19. Nh2 Qd6 20. Ng4 Nxg4 21. Qxg4 Ne7
22. Be3 f5 23. Qe2 Bc7 24. f4 Ng6 25. Qf3 Rad8 26. Qf2 Nxf4 27. Bc5 Qg6 28. Qf3
e4 29. dxe4 fxe4 30. Qg4 Qxg4 31. hxg4 Ne2+ 32. Kh1 Rxf1+ 33. Rxf1 Ng3+ 34. Kg1
Nxf1 35. Kxf1 Kf7 36. Ke2 Ke6 37. Ke3 g5 38. c4 Bf4+ 39. Kd4 dxc4+ 40. Kxe4 Be5
41. Bxc4+ Kf6 42. Bb5 Rd2 43. Kf3 Bd4 44. Bf8 Rf2+ 45. Kg3 Rf4 46. Bd6 Be5 0-1

[Event "4NCL/Div3/SLOS3 vs. MIN"]
[Site "Sunningdale ENG"]
[Date "2008.05.03"]
[Round "9.3"]
[White "Nelson, Omowale"]
[Black "Almond, Richard"]
[Result "1/2-1/2"]
[WhiteElo "2088"]
[BlackElo "2144"]
[PlyCount "118"]
[EventDate "2008.05.03"]
[EventType "team"]
[EventRounds "11"]
[EventCountry "ENG"]
[SourceDate "2007.09.15"]

1. d4 d5 2. c4 e6 3. Nc3 Nf6 4. Nf3 Be7 5. e3 O-O 6. Bd3 c5 7. O-O Nc6 8. Qe2
b6 9. Rd1 cxd4 10. exd4 Nb4 11. Bb1 dxc4 12. Qxc4 Ba6 13. Nb5 Rc8 14. Qe2 Qd5
15. a4 Rfd8 16. Bf4 Qh5 17. Qe5 Bb7 18. Qxh5 Nxh5 19. Be3 Bxf3 20. gxf3 a6 21.
Nc3 Nf6 22. Be4 Nfd5 23. Nxd5 Nxd5 24. Rac1 Bd6 25. Bd3 Nb4 26. Bf1 h6 27. Kg2
a5 28. f4 Be7 29. Bb5 Bf6 30. Bc4 Rc7 31. Kf3 Rdc8 32. b3 g6 33. f5 gxf5 34.
Bxh6 Kh7 35. Bf4 Rd7 36. Be5 Bg5 37. Rb1 Nd5 38. h4 Bh6 39. Rd3 Nb4 40. Rdd1
Nd5 41. Rg1 Nc3 42. Rb2 Ne4 43. Ke2 Nc3+ 44. Kf3 Ne4 45. Rd1 Bg7 46. Bxg7 Kxg7
47. d5 Kf6 48. Ke3 Rh8 49. f3 Nc3 50. Rd3 Nxd5+ 51. Bxd5 Rxd5 52. Rxd5 exd5 53.
Rh2 Ke5 54. f4+ Kd6 55. Kd4 Rh5 56. Rh1 f6 57. Rh3 Kc6 58. Rh1 Kd6 59. Rh2 Kc6
1/2-1/2

[Event "4NCL/Div3/SLOS3 vs. MIN"]
[Site "Sunningdale ENG"]
[Date "2008.05.03"]
[Round "9.4"]
[White "Parker, Robert"]
[Black "Armstrong, Malcolm"]
[Result "1/2-1/2"]
[WhiteElo "2089"]
[BlackElo "2086"]
[PlyCount "35"]
[EventDate "2008.05.03"]
[EventType "team"]
[EventRounds "11"]
[EventCountry "ENG"]
[SourceDate "2007.09.15"]

1. Nf3 Nf6 2. c4 e6 3. Nc3 d5 4. cxd5 exd5 5. d4 c6 6. Bf4 Nbd7 7. e3 Bb4 8.
Qb3 Qa5 9. a3 Bxc3+ 10. Qxc3 Qxc3+ 11. bxc3 Ne4 12. Rc1 Nb6 13. Nd2 Nxd2 14.
Kxd2 Bf5 15. c4 dxc4 16. Bxc4 Nxc4+ 17. Rxc4 O-O-O 18. Rhc1 1/2-1/2

[Event "4NCL/Div3/SLOS3 vs. MIN"]
[Site "Sunningdale ENG"]
[Date "2008.05.03"]
[Round "9.5"]
[White "Makepeace, Philip J"]
[Black "James, Stephen B"]
[Result "1/2-1/2"]
[WhiteElo "2015"]
[BlackElo "2018"]
[PlyCount "43"]
[EventDate "2008.05.03"]
[EventType "team"]
[EventRounds "11"]
[EventCountry "ENG"]
[SourceDate "2007.09.15"]

1. e4 e5 2. Nf3 Nc6 3. d4 exd4 4. Nxd4 Nf6 5. Nxc6 bxc6 6. e5 Qe7 7. Qe2 Nd5 8.
c4 Nb6 9. Nd2 Bb7 10. b3 a5 11. Bb2 a4 12. Qd1 Qe6 13. Be2 Bb4 14. a3 Bxd2+ 15.
Qxd2 axb3 16. Qb4 Ba6 17. Rc1 Qe7 18. Qxb3 O-O 19. Qc2 Rfb8 20. c5 Bxe2 21.
cxb6 Ba6 22. bxc7 1/2-1/2

[Event "4NCL/Div3/SLOS3 vs. MIN"]
[Site "Sunningdale ENG"]
[Date "2008.05.03"]
[Round "9.6"]
[White "Hawkins, Nick"]
[Black "Coddington, Oliver"]
[Result "1-0"]
[WhiteElo "2007"]
[BlackElo "1993"]
[PlyCount "27"]
[EventDate "2008.05.03"]
[EventType "team"]
[EventRounds "11"]
[EventCountry "ENG"]
[SourceDate "2007.09.15"]

1. e4 f6 2. d4 Kf7 3. Nc3 h5 4. Be2 h4 5. Be3 e6 6. d5 e5 7. Bc4 d6 8. Qd2 g6
9. O-O-O a6 10. h3 b5 11. Bb3 Nd7 12. Nge2 Bh6 13. f4 Nc5 14. fxe5 1-0

[Event "4NCL/Div3/SLOS3 vs. MIN"]
[Site "Sunningdale ENG"]
[Date "2008.05.03"]
[Round "9.7"]
[White "Syed, Nayeem"]
[Black "Twitchell, Neville H"]
[Result "0-1"]
[WhiteElo "2023"]
[BlackElo "1975"]
[PlyCount "92"]
[EventDate "2008.05.03"]
[EventType "team"]
[EventRounds "11"]
[EventCountry "ENG"]
[SourceDate "2007.09.15"]

1. d4 Nf6 2. c4 c5 3. d5 b5 4. cxb5 a6 5. b6 a5 6. Qb3 Bb7 7. Nc3 d6 8. e4 g6
9. g3 Bg7 10. Bg2 O-O 11. Nge2 Nbd7 12. O-O Qxb6 13. Qc2 Rfb8 14. b3 Ba6 15.
Re1 Ne5 16. h3 Nd3 17. Rd1 Nb4 18. Qb1 Nd7 19. Na4 Qa7 20. Nec3 Ne5 21. Bf1
Nf3+ 22. Kg2 Nd4 23. Bxa6 Qxa6 24. a3 Nbc2 25. Ra2 Rxb3 26. Bb2 Rab8 27. Qc1
Qc4 28. Qd2 R3b7 29. Bc1 Nb4 30. axb4 axb4 31. Nb1 b3 32. Ra3 Nc2 33. Nb2 Qxe4+
34. f3 Qf5 35. Ra4 {=} Nd4 36. Qd3 Qxd5 37. Nc3 Qxf3+ 38. Qxf3 Nxf3 39. Nd5 Ne5
40. Bf4 h5 41. Ne3 Nd7 42. Nec4 Nb6 43. Nxb6 Rxb6 44. Nc4 Rb4 45. Rxb4 Rxb4 46.
Na5 b2 0-1

[Event "4NCL/Div3/SLOS3 vs. MIN"]
[Site "Sunningdale ENG"]
[Date "2008.05.03"]
[Round "9.8"]
[White "Robson, Caroline"]
[Black "Malhotra, Tarun"]
[Result "0-1"]
[WhiteElo "1680"]
[BlackElo "1670"]
[PlyCount "40"]
[EventDate "2008.05.03"]
[EventType "team"]
[EventRounds "11"]
[EventCountry "ENG"]
[SourceDate "2007.09.15"]

1. e4 e5 2. Nf3 Nc6 3. Bb5 a6 4. Ba4 Nf6 5. O-O Be7 6. Re1 d6 7. h3 Bd7 8. c3
O-O 9. d4 b5 10. Bc2 h6 11. Nbd2 Nh7 12. Nf1 exd4 13. cxd4 Ng5 14. Ng3 Nxf3+
15. gxf3 Bxh3 16. Kh2 Bd7 17. Rg1 Bf6 18. Nh5 Bxd4 19. Kg2 Qh4 20. Ng3 Qh3# 0-1

[Event "4NCL/Div3/WWKS vs. CAMB2"]
[Site "Sunningdale ENG"]
[Date "2008.05.04"]
[Round "10.1"]
[White "Thomas, Nicholas"]
[Black "Spencer, Carl"]
[Result "1-0"]
[WhiteElo "2304"]
[BlackElo "2115"]
[PlyCount "55"]
[EventDate "2008.05.04"]
[EventType "team"]
[EventRounds "11"]
[EventCountry "ENG"]
[SourceDate "2007.09.15"]

1. e4 e6 2. d4 d5 3. Nd2 Nf6 4. e5 Nfd7 5. c3 c5 6. Bd3 Nc6 7. Ndf3 cxd4 8.
cxd4 Qb6 9. Ne2 f6 10. exf6 Nxf6 11. O-O Bd6 12. b3 O-O 13. Bf4 Bxf4 14. Nxf4
Ne4 15. g3 Kh8 16. Bxe4 dxe4 17. Ng5 g6 18. Qg4 Rg8 19. Nfxe6 Bxe6 20. Qxe6
Nxd4 21. Qe5+ Rg7 22. Rad1 Rd8 23. Kg2 Kg8 24. Rd2 e3 25. fxe3 Qc6+ 26. Kg1 Rf8
27. Rxf8+ Kxf8 28. Qxd4 1-0

[Event "4NCL/Div3/WWKS vs. CAMB2"]
[Site "Sunningdale ENG"]
[Date "2008.05.04"]
[Round "10.2"]
[White "Beckett, Chris J"]
[Black "Mason, Don"]
[Result "0-1"]
[WhiteElo "2108"]
[BlackElo "2249"]
[PlyCount "66"]
[EventDate "2008.05.04"]
[EventType "team"]
[EventRounds "11"]
[EventCountry "ENG"]
[SourceDate "2007.09.15"]

1. d4 Nf6 2. c4 e6 3. Nc3 Bb4 4. f3 d5 5. a3 Be7 6. e4 dxe4 7. fxe4 e5 8. d5
Bc5 9. Nf3 Bg4 10. Be2 Nbd7 11. b4 Bxf3 12. Bxf3 Bd4 13. Kd2 a5 14. Bb2 c5 15.
b5 Nb6 16. Kd3 O-O 17. Rc1 Rc8 18. Qe2 Ne8 19. Nd1 Nd6 20. Bxd4 cxd4 21. Nb2
Nd7 22. Na4 Nc5+ 23. Nxc5 Rxc5 24. Rc2 Qg5 25. Re1 Rfc8 26. Rec1 g6 27. Qe1 b6
28. Qe2 R5c7 29. Bg4 Nb7 30. Rd2 Nc5+ 31. Kc2 d3+ 32. Rxd3 Nxd3 33. Kxd3 Qxc1
0-1

[Event "4NCL/Div3/WWKS vs. CAMB2"]
[Site "Sunningdale ENG"]
[Date "2008.05.04"]
[Round "10.3"]
[White "James, Russell A"]
[Black "Chan, Nevil"]
[Result "1-0"]
[WhiteElo "2223"]
[BlackElo "2065"]
[PlyCount "43"]
[EventDate "2008.05.04"]
[EventType "team"]
[EventRounds "11"]
[EventCountry "ENG"]
[SourceDate "2007.09.15"]

1. e4 Nc6 2. d4 e5 3. Nf3 exd4 4. Nxd4 Qh4 5. Nc3 Bb4 6. Be2 Qxe4 7. Ndb5 Kd8
8. O-O Bxc3 9. bxc3 a6 10. Bf3 Qg6 11. Nd4 Nge7 12. Bf4 Qf6 13. Qd2 Nxd4 14.
cxd4 h6 15. c4 d6 16. c5 d5 17. Be5 Qg6 18. Qa5 Qc6 19. Rfe1 Bf5 20. Bxc7+ Qxc7
21. Qxc7+ Kxc7 22. Rxe7+ 1-0

[Event "4NCL/Div3/WWKS vs. CAMB2"]
[Site "Sunningdale ENG"]
[Date "2008.05.04"]
[Round "10.4"]
[White "Jones, Richard M"]
[Black "Shephard, Chris C W"]
[Result "1/2-1/2"]
[WhiteElo "2064"]
[BlackElo "2214"]
[PlyCount "67"]
[EventDate "2008.05.04"]
[EventType "team"]
[EventRounds "11"]
[EventCountry "ENG"]
[SourceDate "2007.09.15"]

1. e4 c5 2. Nf3 Nc6 3. Bb5 g6 4. O-O Bg7 5. c3 Nf6 6. Re1 O-O 7. d4 cxd4 8.
cxd4 d5 9. e5 Ne4 10. Nc3 Nxc3 11. bxc3 Bg4 12. h3 Bxf3 13. Qxf3 Qa5 14. Bxc6
bxc6 15. a4 c5 16. Ba3 cxd4 17. cxd4 Rfe8 18. Reb1 Qxa4 19. Bc5 Qd7 20. Ra6
Rec8 21. Qa3 Rc7 22. Ra1 h5 23. Bxa7 Qf5 24. Bb6 Rxa6 25. Qxa6 Rc2 26. Rf1 e6
27. Qa3 Bh6 28. Bd8 Bg7 29. Be7 Kh7 30. Qa7 Qf4 31. Bf6 Kg8 32. Qa8+ Kh7 33.
Qe8 Rc7 34. Qd8 1/2-1/2

[Event "4NCL/Div3/WWKS vs. CAMB2"]
[Site "Sunningdale ENG"]
[Date "2008.05.04"]
[Round "10.5"]
[White "Fishburne, Stewart K"]
[Black "Gooding, Ian"]
[Result "1-0"]
[WhiteElo "2132"]
[BlackElo "2014"]
[PlyCount "87"]
[EventDate "2008.05.04"]
[EventType "team"]
[EventRounds "11"]
[EventCountry "ENG"]
[SourceDate "2007.09.15"]

1. e4 e6 2. d4 d5 3. Nc3 Nf6 4. e5 Nfd7 5. f4 c5 6. Nf3 Nc6 7. Be3 cxd4 8. Nxd4
Be7 9. Qd2 O-O 10. O-O-O a6 11. h4 Nxd4 12. Bxd4 f6 13. exf6 Bxf6 14. g3 b5 15.
Bg2 Bb7 16. Bh3 Re8 17. Rhe1 Nf8 18. Qf2 Bxd4 19. Qxd4 Rc8 20. f5 Rc4 21. Qa7
Re7 22. fxe6 d4 23. Bf1 Bd5 24. Qxe7 Qxe7 25. Nxd5 Qc5 26. Bxc4 Nxe6 27. Bb3
Nf8 28. Re8 Kf7 29. Re7+ Kg6 30. Rc7 Qd6 31. Nf4+ Kh6 32. Rc8 Ng6 33. Nxg6 Qxg6
34. Rd8 Qxg3 35. R8xd4 Qe3+ 36. Kb1 a5 37. a4 bxa4 38. Bxa4 Qf3 39. Ka2 Qf7+
40. Bb3 Qf3 41. c4 Qa8 42. c5 Kh5 43. Bd5 Qa6 44. Bf3+ 1-0

[Event "4NCL/Div3/WWKS vs. CAMB2"]
[Site "Sunningdale ENG"]
[Date "2008.05.04"]
[Round "10.6"]
[White "Kreuzer, Christopher"]
[Black "Baruch, Andrew J D"]
[Result "0-1"]
[WhiteElo "1949"]
[BlackElo "2075"]
[PlyCount "86"]
[EventDate "2008.05.04"]
[EventType "team"]
[EventRounds "11"]
[EventCountry "ENG"]
[SourceDate "2007.09.15"]

1. e4 Nf6 2. e5 Nd5 3. c4 Nb6 4. d4 d6 5. exd6 exd6 6. Bd3 Be7 7. Ne2 Bf6 8.
O-O Nc6 9. Be3 Nb4 10. Be4 O-O 11. a3 d5 12. Bf3 Nc6 13. c5 Nc4 14. Bc1 Ne7 15.
b3 Na5 16. b4 Nc4 17. Nd2 Nxd2 18. Qxd2 Nf5 19. g3 g6 20. Bg2 Ng7 21. a4 c6 22.
b5 Bf5 23. h3 h5 24. Ba3 Ne6 25. Kh2 Re8 26. Rae1 Ng5 27. f3 Qc7 28. Bc1 Bd7
29. bxc6 bxc6 30. Qf4 Qxf4 31. Bxf4 Ne6 32. Be3 Nxc5 33. dxc5 Rxe3 34. Nf4 Rxe1
35. Rxe1 Rb8 36. Nd3 Rb3 37. Ne5 Bxe5 38. Rxe5 Kf8 39. g4 hxg4 40. hxg4 Rc3 41.
Kg3 f6 42. Re2 Rxc5 43. Rb2 Ra5 0-1

[Event "4NCL/Div3/WWKS vs. CAMB2"]
[Site "Sunningdale ENG"]
[Date "2008.05.04"]
[Round "10.7"]
[White "Fallowfield, Jeremy"]
[Black "Kapadia, Sujit"]
[Result "1-0"]
[WhiteElo "2006"]
[BlackElo "1915"]
[PlyCount "49"]
[EventDate "2008.05.04"]
[EventType "team"]
[EventRounds "11"]
[EventCountry "ENG"]
[SourceDate "2007.09.15"]

1. e4 c5 2. Nc3 Nc6 3. Bb5 Nd4 4. Bc4 e6 5. Nge2 a6 6. d3 b5 7. Bb3 g6 8. Nxd4
cxd4 9. Ne2 Bg7 10. O-O Ne7 11. Bg5 f6 12. Bh4 g5 13. Bg3 e5 14. c3 dxc3 15.
Nxc3 Bb7 16. Qh5+ Ng6 17. d4 Qe7 18. Rac1 d6 19. Nd5 Bxd5 20. Bxd5 Rd8 21. Rc2
Rb8 22. Rfc1 Kd8 23. Qg4 Qd7 24. Qxd7+ Kxd7 25. Rc7+ 1-0